Java in a nutshell : a desktop quick reference

Na minha lista:
Detalhes bibliográficos
Autor principal: Evans, Benjamin J.
Formato: Livro
Publicado em: Shroff
Tags: Adicionar Tag
Sem tags, seja o primeiro a adicionar uma tag!

MARC

LEADER 00000nam a2200000Ia 4500
005 20260515061618.0
100 |a Evans, Benjamin J., 
020 |a 9789355429940 
942 |c BK 
245 |a Java in a nutshell : a desktop quick reference  
260 |b Shroff 
999 |c 80  |d 80 
952 |0 0  |1 0  |4 0  |7 0  |a ABDN  |b ABDN  |d 2026-05-15  |l 0  |p 000009  |r 2026-05-15 06:16:18  |w 2026-05-15  |y BK